| 000 | 00527nam a22001577a 4500 | ||
|---|---|---|---|
| 005 | 20251108164146.0 | ||
| 008 | 250721s9999 xx 000 0 ara d | ||
| 082 | 1 | 4 | _a219/عقا |
| 100 | 1 | _aالعقاد، عباس محمود | |
| 245 | 1 | 0 | _aعبقرية محمد صلى الله عليه و سلم / |
| 264 | 1 |
_aالقاهرة : _bمطابع مؤسسة دار الشعب للصحافه والطبع والنشر، _c[19-]. |
|
| 300 | _a128ص. | ||
| 650 | 1 | 7 | _aالسيرة النبوية |
| 942 |
_2ddc _cBK |
||
| 999 |
_c5097 _d5097 |
||